True Crime - Statistics

General Stats
  • This quiz has been taken 111 times
  • The average score is 3 of 15
Answer Stats
Hint Answer % Correct
If you lived in London in the 19th century, you should have stayed home at night... Jack the Ripper
84%
He got killed the same way he killed his first ever victim. Jeffrey Dahmer
61%
He used to cut his victims face skin and inspired many famous movies. Ed Gein
53%
Every time he was recorded speaking, it was inaudible. He still managed to manipulate people into taking lives. Charles Manson
32%
The story of a real child eater... Albert Fish
24%
This serial killer is known for his sexually motivated crimes (and for his 3 letters nickname). Dennis Rader
19%
Who says "The Dating Game", says ? Rodney Alcala
18%
This serial killer mainly slaughtered hitchhikers. Ed Kemper
15%
Why do people kill ? This man literally said he acted so because he heard the devil voice from his neighbour's dog. David Berkowitz
13%
A girl miraculously survived from the clutches of this belgian monster and even wrote a book about it. Marc Dutroux
7%
Double Trouble. Twins are united in pretty everything (even in crimes...) Menendez Brothers
6%
What a weirdo ! This serial killer smelled the shoes of the women he killed. Jerry Brudos
4%
Raging in France and Belgium, this pedophile acted with the complicity of his evil wife. Michel Fourniret
4%
This french, indian and vietnamese man killed about twenty people in Asia. Charles Sobhraj
3%
He is proud to say that he murdered over 300 people, is that all! Henry Lee Lucas
3%
No matching quizzes found
Score Distribution
Percent of People with Each Score
Percentile by Number Answered
Your Score History
You have not taken this quiz